[Event "RSA-chT U16"]
[Site "Cape Town"]
[Date "2016.01.06"]
[Round "5.7"]
[White "Venter, Charles"]
[Black "Moodley, Liam"]
[Result "0-1"]
[WhiteElo "1111"]
[BlackElo "1453"]
[PlyCount "48"]
[EventDate "2016.01.04"]
[EventType "team-tourn"]
[EventRounds "7"]
[EventCountry "RSA"]
[SourceTitle "CBM 170 Extra"]
[Source "ChessBase"]
[SourceDate "2016.02.25"]
[SourceVersion "1"]
[SourceVersionDate "2016.02.25"]
[SourceQuality "1"]
[WhiteTeam "Kenneth Kaunda"]
[BlackTeam "Ethekwini"]
[WhiteTeamCountry "RSA"]
[BlackTeamCountry "RSA"]

1. e4 e6 2. b3 d5 3. Bd3 Bc5 4. Bb2 Nf6 5. Nc3 c6 6. Nh3 e5 7. f3 Bxh3 8. gxh3 Nh5 9. Ne2 Qh4+ 10. Ng3 Nxg3 11. Qe2 Nxe2+ 12. Kxe2 Qf2+ 13. Kd1 Qxf3+ 14. Ke1 Qxh1+ 15. Ke2 Qxh2+ 16. Kd1 dxe4 17. Bc4 b5 18. c3 e3 19. Bc1 bxc4 20. Kc2 Ke7 21. a4 Rd8 22. bxc4 exd2 23. Bxd2 Rxd2+ 24. Kb3 Rb2# 0-1

[Event "RSA-chT U16"]
[Site "Cape Town"]
[Date "2016.01.05"]
[Round "3.7"]
[White "Hansen, Marcques"]
[Black "Venter, Charles"]
[Result "1-0"]
[WhiteElo "1512"]
[BlackElo "1111"]
[PlyCount "46"]
[EventDate "2016.01.04"]
[EventType "team-tourn"]
[EventRounds "7"]
[EventCountry "RSA"]
[SourceTitle "CBM 170 Extra"]
[Source "ChessBase"]
[SourceDate "2016.02.25"]
[SourceVersion "1"]
[SourceVersionDate "2016.02.25"]
[SourceQuality "1"]
[WhiteTeam "Tshwane"]
[BlackTeam "Kenneth Kaunda"]
[WhiteTeamCountry "RSA"]
[BlackTeamCountry "RSA"]

1. d4 d5 2. Nc3 Nf6 3. Bg5 e6 4. e4 h6 5. Bxf6 Qxf6 6. exd5 exd5 7. Nxd5 Qe6+ 8. Qe2 Qxe2+ 9. Bxe2 Bd6 10. Nf3 0-0 11. 0-0 Nc6 12. c4 Nb4 13. Nc3 a6 14. g3 b6 15. d5 Re8 16. Rfe1 Re7 17. a3 a5 18. axb4 Bxb4 19. Nd4 Bd7 20. Bf3 Rxe1+ 21. Rxe1 a4 22. Nde2 a3 23. Ra1 Bc5 1-0